000 00522cam a2200181 4500500
005 20260405002723.0
041 _afre
042 _adc
100 1 0 _aNicolas, Ariane
_eauthor
245 0 0 _aÉmergence
260 _c2018.
500 _a94
690 _aÉmergence
690 _aMaurizio Ferraris
690 _aRéel
786 0 _nPhilosophie magazine | 120 | 6 | 2018-06-01 | p. 57-57 | 1951-1787
856 4 1 _uhttps://shs.cairn.info/magazine-philosophie-magazine-2018-6-page-57?lang=fr&redirect-ssocas=7080
999 _c2060444
_d2060444